Parc del Corredor : itinerari de Can Miloca / redacció [de] Margarida Parés i Gisela Pou amb l'assessorament de Marina Mir i Jaume Terradas itinerari de Can Miloca / redacció [de] Margarida Parés i Gisela Pou amb l'assessorament de Marina Mir i Jaume Terradas

por Parés, Margarida

Descripción Física: 28 p. : il. ; 24 cm

MARC

LEADER 00000nam a2200000Ia 4500
001 12803
008 160829s9999 xx 000 0 cat d
080 |a FU-14-24 
100 |a Parés, Margarida  |9 22453 
245 |a Parc del Corredor :  |b  itinerari de Can Miloca / redacció [de] Margarida Parés i Gisela Pou amb l'assessorament de Marina Mir i Jaume Terradas 
260 |a Barcelona :  |b Diputació de Barcelona, Servei de Parcs Naturals, DL 1984 
300 |a 28 p. :  |b  il. ;  |c 24 cm 
610 0 |a Parc del Montnegre i el Corredor (Catalunya)  |v Guies  |9 52679 
650 |a Corredor, Serra del  |x Guies   |9 22454 
700 |a Pou, Gisela   |9 22456 
700 |a Mir, Marina   |9 22457 
700 |a Terradas, Jaume   |9 42431 
710 |a Parc del Montnegre i el Corredor (Catalunya)  |9 10204 
710 |a Barcelona (Catalunya : Província).  |b Servei de Parcs Naturals  |9 53492 
901 |a Arxiu 
942 |n 1 
952 |0 0  |1 0  |4 0  |6 FU1424  |7 1  |9 42228  |a Arxiu  |b Arxiu  |d 2016-12-01  |l 0  |o FU-14-24  |p 12803  |r 2016-12-01 00:00:00  |w 2016-12-01  |y ARXIU 
999 |c 44675  |d 44675